000
00312nam a2200121Ia 4500
008
230907s9999||||xx |||||||||||||| ||und||
082
_a
629.2874,NIC
100
_a
Nicholson, Dr Ian
_9
115250
245
0
_a
Heavy Vehicle mechanics/
260
_a
McGraw Hill
_b
Australia
_c
1986
300
_a
vi,308p.:
942
_c
BK
999
_c
597950
_d
597950